<?xml version="1.0" encoding="UTF-8"?>
<record
    xmlns:xsi="http://www.w3.org/2001/XMLSchema-instance"
    xsi:schemaLocation="http://www.loc.gov/MARC21/slim http://www.loc.gov/standards/marcxml/schema/MARC21slim.xsd"
    xmlns="http://www.loc.gov/MARC21/slim">

  <leader>00698nam a2200193   4500</leader>
  <datafield tag="952" ind1=" " ind2=" ">
    <subfield code="0">0</subfield>
    <subfield code="1">0</subfield>
    <subfield code="2">ddc</subfield>
    <subfield code="4">0</subfield>
    <subfield code="7">0</subfield>
    <subfield code="a">Main</subfield>
    <subfield code="b">Main</subfield>
    <subfield code="c">DISPLAY</subfield>
    <subfield code="d">2018-10-03</subfield>
    <subfield code="e">Sumbangan En Razy Mohd Nor</subfield>
    <subfield code="l">0</subfield>
    <subfield code="o">923.1595 EMA</subfield>
    <subfield code="p">HQ005081</subfield>
    <subfield code="r">2018-10-03 00:00:00</subfield>
    <subfield code="w">2018-10-03</subfield>
    <subfield code="y">BK</subfield>
  </datafield>
  <datafield tag="999" ind1=" " ind2=" ">
    <subfield code="c">2405</subfield>
    <subfield code="d">2401</subfield>
  </datafield>
  <controlfield tag="008">181003b        m  ||||| |||| 00| 0 m   d</controlfield>
  <datafield tag="020" ind1=" " ind2=" ">
    <subfield code="a">9789676125668</subfield>
  </datafield>
  <datafield tag="040" ind1=" " ind2=" ">
    <subfield code="a">JKKN </subfield>
  </datafield>
  <datafield tag="082" ind1=" " ind2=" ">
    <subfield code="a">923.1595</subfield>
  </datafield>
  <datafield tag="245" ind1=" " ind2=" ">
    <subfield code="a">EMAS TEMPAWAN KEMBALI BERTAKHTA </subfield>
  </datafield>
  <datafield tag="260" ind1=" " ind2=" ">
    <subfield code="a">Kuala Lumpur :</subfield>
    <subfield code="b">Arkib Negara Malaysia ,</subfield>
    <subfield code="c">2012</subfield>
  </datafield>
  <datafield tag="300" ind1=" " ind2=" ">
    <subfield code="a">xv, 114 pages:</subfield>
    <subfield code="b">colour photographs ;</subfield>
    <subfield code="c">23 cm.</subfield>
  </datafield>
  <datafield tag="337" ind1=" " ind2=" ">
    <subfield code="2">rdamedia</subfield>
    <subfield code="a">unmediated</subfield>
  </datafield>
  <datafield tag="338" ind1=" " ind2=" ">
    <subfield code="2">rdacarrier</subfield>
    <subfield code="a">volume</subfield>
  </datafield>
  <datafield tag="500" ind1=" " ind2=" ">
    <subfield code="a">Terbitan khas sempena pertabalan Seri Paduka Baginda Yang di-Pertuan Agong XIV </subfield>
  </datafield>
  <datafield tag="600" ind1=" " ind2=" ">
    <subfield code="a">Tuanku Abdul Halim Mu'adzam Shah, </subfield>
    <subfield code="c">Seri Paduka Baginda Yang di-Pertuan Agong XIV,</subfield>
    <subfield code="d">1927-</subfield>
  </datafield>
  <datafield tag="651" ind1=" " ind2=" ">
    <subfield code="a">Malaysia </subfield>
    <subfield code="x">Kings and rulers </subfield>
  </datafield>
  <datafield tag="942" ind1=" " ind2=" ">
    <subfield code="2">ddc</subfield>
    <subfield code="c">BK</subfield>
  </datafield>
</record>
